000 00946naa a2200229 c 4500
001 46244
003 ES-MaCES
005 20151008104251.0
008 150827s2015 sp ||||| t||||||| ||spa d
040 _aES-MaCES
_bspa
_cES-MaCES
_dES-MaCES
100 1 _922510
_aRojas Rivero, Gloria Pilar
245 1 3 _aEl reconocimineto internacional de derecho de huelga y el sistema de control de normas de la OIT
_cGloria Pilar Rojas Rivero
650 4 _929350
_aderecho de huelga
650 4 _929924
_aderechos de los trabajadores
650 4 _928361
_aconvenio colectivo
650 4 _930712
_aactividad normativa de la OIT
650 4 _929918
_amecanismo de control
653 1 0 _aRelaciones laborales-Empleo
773 0 _983259
_dLas Rozas, Madrid Wolters Kluwer España 2015-
_o086161
_tTrabajo y derecho
_w(ES-MaCES)45892
_gn. 5 (mayo 2015) {55/1129 R. 086161} ;p. 105-108
902 _aART Artículo de revista
942 _2CES
_cAR
_h2.0.
999 _c46244
_d46244